[Geometry Dash] Most Verifications - Statistics

General Stats
  • This quiz has been taken 42 times
  • The average score is 17 of 59
Answer Stats
# Best Verification Answer % Correct
13 Thinking Space II Zoink
96%
18 Slaughterhouse Doggie
88%
94 The Yangire Dorami
76%
6 Bloodbath Riot
68%
11 Sonic Wave Sunix
60%
8 Abyss of Darkness Cursed
56%
23 Phobos KrmaL
56%
6 Kenos npesta
56%
5 Tartarus Dolphy
52%
6 Bloodlust Knobbelboy
52%
18 Zodiac Technical
48%
10 Yatagarasu TrusTa
48%
10 LIMBO BUNNYGRAM
44%
6 The Golden nSwish
44%
20 Sonic Wave Infinity Xanii
44%
6 Thinking Space Atomic
36%
37 Mayhem LordVadercraft
36%
18 Nhelv SrGuillester
36%
10 Anathema Whizkid05
36%
10 Silent Club Luqualizer
32%
16 CraZy III Nexus
32%
7 Solar Flare swiborg
32%
6 andromeda Taiago
32%
12 Crimson Planet Wooshi
32%
50 ATOMIC CANNON Zeronium
32%
7 NEUTRA AeonAir
28%
6 Artificial Ascent combi
28%
7 Hard Machine Varium
28%
10 Trueffet Baeru
20%
5 Based After Based DiamondSplash
20%
11 Oblivion dice88
20%
13 COMBUSTION Slithium
20%
7 Operation Evolution cobrablitz
16%
19 Cyclone Machine SeptaGon7
16%
8 Visible Ray Seturan
16%
5 The Hallucination VoTcHi
16%
7 EGO KILLING Wolvez
16%
15 ta1LSD0ll Arshadow
12%
17 PSYCHOPATH BONN GD
12%
9 Furious Flames BrianTheBurger
12%
30 Disturb fusion425
12%
15 Jigsaw Gokill
12%
6 reeses potentially Kaza
12%
8 NOMAD Laniakea
12%
14 SARYYX NEVER CLEAR skzyl
12%
5 Heaven and Hell Tuggy
12%
5 limbo but uwu ig idk ViperVenom95
12%
21 Ultra violence Viprin
12%
10 Scream Machine WatchPiggy
12%
10 The Rock House Dragoon
8%
7 Belladonna exsii
8%
7 SARY NEVER CLEAR Glow
8%
19 walter white iIiLaSeRiIi
8%
10 Fusion Z Leslie
8%
11 M I S F O R T U N E Serpentical
8%
8 GDNacho SpeedyMuffin
8%
7 Crackhead Circles teraaa
8%
6 Judgement Knights Helix
4%
13 Dry Out Copyable 2 s3batr0nic
0%
No matching quizzes found
Score Distribution
Percent of People with Each Score
Percentile by Number Answered
Your Score History
You have not taken this quiz